The challenge of single adult ministry /

Furkejuvvon:
Bibliográfalaš dieđut
Váldodahkki: Johnson, Douglas W.
Materiálatiipa: Girji
Giella:eaŋgalasgiella
Almmustuhtton: Valley Forge : Judson, c1982.
Fáttát:
Fáddágilkorat: Lasit fáddágilkoriid
Eai fáddágilkorat, Lasit vuosttaš fáddágilkora!

MARC

LEADER 00000cam a22000002a 4500
001 0000003883
003 DAYSTAR
005 20171002023901.0
008 030703s1982 xx 001 0 eng d
020 |a 0817009396 
040 |a Daystar 
040 |d BNjogu 
050 0 0 |a BV639  |b .S5  |b J63 
100 1 |a Johnson, Douglas W. 
245 1 4 |a The challenge of single adult ministry /  |c Douglas W. Johnson. 
260 |a Valley Forge :  |b Judson,  |c c1982. 
300 |a 111 p. 
650 0 |a Church work with single people. 
908 |a 060412 
942 |c BK 
989 |a 1488783135 
999 |c 40644  |d 40644